Library Logo

Pioneer International University Library Catalogue

The Common Sense Teaching of the Bible/ (Record no. 9714)

MARC details
000 -LEADER
fixed length control field 00694nam a22002057a 4500
003 - CONTROL NUMBER IDENTIFIER
control field OSt
005 - DATE AND TIME OF LATEST TRANSACTION
control field 20251029060846.0
008 - FIXED-LENGTH DATA ELEMENTS--GENERAL INFORMATION
fixed length control field 251029b |||||||| |||| 00| 0 eng d
010 ## - LIBRARY OF CONGRESS CONTROL NUMBER
LC control number 84-18258
020 ## - INTERNATIONAL STANDARD BOOK NUMBER
International Standard Book Number 0-8007-1416-4
040 ## - CATALOGING SOURCE
Original cataloging agency Fleming H. Revell Company
Transcribing agency Fleming H. Revell Company
050 ## - LIBRARY OF CONGRESS CALL NUMBER
Classification number BS 680.S65 1985
Item number S65 1985
100 ## - MAIN ENTRY--PERSONAL NAME
Personal name Hannah Whitall Smith
245 ## - TITLE STATEMENT
Title The Common Sense Teaching of the Bible/
Statement of responsibility, etc. Smith, Hannah Whitall
250 ## - EDITION STATEMENT
Edition statement Every-day Religion
260 ## - PUBLICATION, DISTRIBUTION, ETC.
Place of publication, distribution, etc. Old Tappan, New Jarsey
Name of publisher, distributor, etc. Fleming H. Revell Company
Date of publication, distribution, etc. 1985
300 ## - PHYSICAL DESCRIPTION
Extent 192 p.: Col,:
Other physical details Hard Cover
Dimensions 21.7 cm
490 ## - SERIES STATEMENT
Materials specified Printed
Series statement Every-day Religion
942 ## - ADDED ENTRY ELEMENTS (KOHA)
Source of classification or shelving scheme Library of Congress Classification
Koha item type Books
Edition 2nd Edition
Call number prefix BS 680
Call number suffix .S65 1985
Suppress in OPAC No
Holdings
Withdrawn status Lost status Source of classification or shelving scheme Damaged status Not for loan Home library Current library Date acquired Total checkouts Barcode Date last seen Price effective from Koha item type
    Library of Congress Classification     PIU Library PIU Library 10/30/2025   PIUDMUR715 10/30/2025 10/30/2025 Books